00326pab a2200121 454500008003600000100001700036245003700053362002900090650001600119650002100135650003000156773001800186180718b xxu||||| |||| 00| 0 eng d aOrmond Derry aImproving government performance a(184), Oct-Nov 93, p.4-8 a Management a Decision Making aEfficency, Administrative aOECD Observer